Σύστημα μαθημάτων λογιστικής
Αποθηκεύτηκε σε:
| Κύριος συγγραφέας: | |
|---|---|
| Μορφή: | Βιβλίο |
| Γλώσσα: | Greek |
| Δημοσίευση: |
Εν Αθήναις :
Τύποις Π.Δ. Σακελλαρίου,
1923
|
| Θέματα: | |
| Ετικέτες: |
Προσθήκη ετικέτας
Δεν υπάρχουν, Καταχωρήστε ετικέτα πρώτοι!
|
MARC
| LEADER | 00000cam a2200000 i 4500 | ||
|---|---|---|---|
| 001 | 1/32532 | ||
| 008 | 130702s1923 gre d | ||
| 035 | |l 10114931 | ||
| 040 | |a GR-MY-UA |b gre |e aacr | ||
| 041 | 0 | |a gre | |
| 082 | 0 | |a 657 |2 (22) | |
| 100 | 1 | |a Παναγιωτόπουλος, Κ. | |
| 245 | 1 | 0 | |a Σύστημα μαθημάτων λογιστικής / |c Κ. Παναγιωτόπουλου |
| 260 | |a Εν Αθήναις : |b Τύποις Π.Δ. Σακελλαρίου, |c 1923 | ||
| 300 | |a 554 σ.; |b πίν.; |c 25 εκ. | ||
| 500 | |a Εις δυο σειράς: A' σειρά μαθημάτων | ||
| 500 | |a Κατά πρωτ'οτυπον επιστημονικήν και παιδαγωγικήν μέθοδον , εν συνδυασμώ μετα των σχετικών γνώσεων της εμπορικής οικονομίας, των εμπορικών μαθηματικών και της εμπορικής νομοθεσίας | ||
| 500 | |a Στη σ.τ. ιδιόχειρη αφιέρωση "Δωρεά προς την Βιβλιοθήκην του Γυμνασίου Καρλοβασίων1-11-62 Ι. Αδαμόπουλος". | ||
| 650 | 0 | 0 | |a Accounting. |
| 852 | |a INST |b SAMOS |c PORFYRIADA |e 20130702 |h 657 ΠΑΝ |p 005300040271 |q 005300040271 |t NOLOAN |y 23 |z τ.1 | ||
| 852 | |a INST |b SAMOS |c PORFYRIADA |e 20130702 |h 657 ΠΑΝ |p 005300040271 |q 005300040271 |t NOLOAN |v τ.1: |y 23 |z τ.1 | ||
| 853 | |a INST |b SAMOS |c PORFYRIADA |h 657 ΠΑΝ | ||
| 901 | |a BIBL3-2013-2 | ||
| 909 | |a Σ |b 178498 | ||
| 970 | |a ΚΟΣΙΕΡΗΣ |b ΧΡΗΣΤΟΣ |z 2013/06/28 | ||